| 000 | 00505nam a22001697a 4500 | ||
|---|---|---|---|
| 008 | 150409b xxu||||| |||| 00| 0 eng d | ||
| 020 | _a0710074530 | ||
| 050 | _aBD331.Q53 1973 | ||
| 100 |
_aQuinton, A. _917046 |
||
| 245 |
_aThe Nature of things _c/by Anthony, Quinton |
||
| 260 |
_aLondon _bRoutledge and Kegan Paul _c1973 |
||
| 300 |
_aix,394p. ; _c22cm. |
||
| 650 |
_aSubstance (philosophy) _911323 |
||
| 650 |
_aUniversals (philosophy) _911322 |
||
| 650 |
_aValues _975 |
||
| 942 |
_2lcc _cMONOGRAPH |
||
| 999 |
_c122617 _d122617 |
||